Communes of French Guiana (Map Quiz) - Statistics

General Stats
  • This quiz has been taken 35 times
    19 since last reset
  • The average score is 10 of 22
Answers on the Map
Answers color-coded by a green-red scale on the quiz's map according to % correct below.
 
Answer Stats
Answer % Correct
Cayenne
57%
Maripasoula
57%
Montsinéry-Tonnegrande
57%
Remire-Montjoly
57%
Saint-Georges
57%
Saint-Laurent-du-Maroni
57%
Saül
57%
Apatou
43%
Awala-Yalimapo
43%
Grand-Santi
43%
Iracoubo
43%
Mana
43%
Matoury
43%
Papaichton
43%
Régina
43%
Roura
43%
Saint-Elie
43%
Camopi
29%
Kourou
29%
Ouanary
29%
Sinnamary
29%
Tonate-Macouria
29%
No matching quizzes found
Score Distribution
Percent of People with Each Score
Percentile by Number Answered
Your Score History
You have not taken this quiz since the last reset